Normal view MARC view

Entry Personal Name

Number of records used in: 1

001 - CONTROL NUMBER

  • control field: 7016

003 - CONTROL NUMBER IDENTIFIER

  • control field: OSt

005 - DATE AND TIME OF LATEST TRANSACTION

  • control field: 20130309102508.0

008 - FIXED-LENGTH DATA ELEMENTS

  • fixed length control field: 130309|||a|||||| | ||| d

040 ## - CATALOGING SOURCE

  • Original cataloging agency: OSt
  • Transcribing agency: OSt

100 ## - HEADING--PERSONAL NAME

  • Personal name: Barrster,David Ernert

670 ## - SOURCE DATA FOUND

  • Source citation: Work cat.: (OSt): Barrster,David Ernert, Drafting / , 2010